000 00366 a2200169 4500
001 186521
020 _a978-85-262-4253-9
040 _cMagnum
100 _aDumas, Alexandre
240 1 0 _aOs três mosqueteiros
_lpor
245 1 0 _aOs três mosqueteiros
300 _a48
362 0 _a2002
440 1 _aScipione
697 _aLITERATURA INFANTO
942 _cBK
999 _c186521
_d186521